[Event "252nd YMCA Autumn A2"]
[Site "Warsaw"]
[Date "2021.11.12"]
[Round "8"]
[White "Niedbal, Piotr"]
[Black "Lewandrowski, Tomasz"]
[Result "1/2-1/2"]
[WhiteElo "1837"]
[BlackElo "1814"]
[PlyCount "77"]
[EventDate "2021.09.24"]
[EventType "tourn"]
[EventRounds "2"]
[EventCountry "POL"]
[SourceDate "2021.09.24"]

1. e4 e6 2. d4 d5 3. Nd2 dxe4 4. Nxe4 Bd7 5. Bd3 Bc6 6. Nf3 Nd7 7. Qe2 Ngf6 8.
O-O Be7 9. c3 O-O 10. Bd2 Nxe4 11. Bxe4 Bxe4 12. Qxe4 c6 13. Rfd1 Qb6 14. Qc2
Bd6 15. h3 h6 16. Be3 Qc7 17. Rac1 Rae8 18. Qd3 Qa5 19. c4 Qh5 20. Qb3 b5 21.
cxb5 cxb5 22. d5 Ne5 23. Nxe5 Qxe5 24. g3 exd5 25. Qxd5 Rd8 26. Qxe5 Bxe5 27.
b3 a6 28. Rxd8 Rxd8 29. Rc6 Rd6 30. Rc8+ Kh7 31. Kg2 f5 32. h4 h5 33. a4 bxa4
34. bxa4 Bf6 35. Bc5 Re6 36. a5 f4 37. Ra8 fxg3 38. fxg3 Be5 39. Bb6 1/2-1/2

[Event "252nd YMCA Autumn A2"]
[Site "Warsaw"]
[Date "2021.11.12"]
[Round "8"]
[White "Kalejta, Arkadiusz"]
[Black "Adamski, Adam"]
[Result "1-0"]
[WhiteElo "1784"]
[BlackElo "1704"]
[PlyCount "47"]
[EventDate "2021.09.24"]
[EventType "tourn"]
[EventRounds "2"]
[EventCountry "POL"]
[SourceDate "2021.09.24"]

1. e4 c6 2. d4 d5 3. e5 c5 4. dxc5 e6 5. b4 a5 6. c3 axb4 7. cxb4 b6 8. Bb5+
Bd7 9. Qd3 bxc5 10. bxc5 Qa5+ 11. Nc3 Bxc5 12. Bd2 Qc7 13. Nf3 Nc6 14. O-O Nge7
15. Na4 Nb4 16. Bxb4 Bxb4 17. Bxd7+ Qxd7 18. Nb6 Ra3 19. Qxa3 Bxa3 20. Nxd7
Kxd7 21. Rab1 Rc8 22. Rb3 Bc1 23. Rb7+ Ke8 24. a4 1-0

[Event "252nd YMCA Autumn A2"]
[Site "Warsaw"]
[Date "2021.11.19"]
[Round "9"]
[White "Kalejta, Arkadiusz"]
[Black "Matyszkiewicz, Wiktor"]
[Result "1/2-1/2"]
[WhiteElo "1784"]
[BlackElo "1756"]
[PlyCount "104"]
[EventDate "2021.09.24"]
[EventType "tourn"]
[EventRounds "2"]
[EventCountry "POL"]
[SourceDate "2021.09.24"]

1. e4 c5 2. Nf3 Nc6 3. d4 cxd4 4. Nxd4 Nf6 5. Nc3 d6 6. Bg5 e6 7. Qd2 h6 8.
Bxf6 Qxf6 9. Ndb5 Qd8 10. O-O-O a6 11. Nxd6+ Bxd6 12. Qxd6 Qxd6 13. Rxd6 Ke7
14. Rd2 b5 15. Be2 Bb7 16. Rhd1 Rhd8 17. f3 Rxd2 18. Kxd2 Rd8+ 19. Ke3 Rxd1 20.
Bxd1 Kd6 21. a3 Ne5 22. b3 Kc5 23. Be2 Bc6 24. Nd1 Bd7 25. f4 Nc6 26. Nb2 e5
27. Nd3+ Kd6 28. fxe5+ Nxe5 29. h3 g5 30. Nb2 Kc5 31. c4 b4 32. axb4+ Kxb4 33.
Kd4 Nc6+ 34. Kd5 Kxb3 35. Nd3 Nb4+ 36. Nxb4 Kxb4 37. c5 a5 38. c6 Be6+ 39. Kd6
a4 40. Bg4 Bc4 41. c7 Ba6 42. e5 a3 $11 43. e6 fxe6 44. Bxe6 Kc3 45. Kd7 Kd4
46. c8=Q Bxc8+ 47. Kxc8 Ke3 48. Kd7 Kf2 49. Ke7 Kxg2 50. Kf6 a2 51. Bxa2 Kxh3
52. Kg6 g4 $11 1/2-1/2

[Event "252nd YMCA Autumn A2"]
[Site "Warsaw"]
[Date "2021.11.17"]
[Round "9"]
[White "Adamski, Adam"]
[Black "Niedbal, Piotr"]
[Result "1/2-1/2"]
[WhiteElo "1704"]
[BlackElo "1837"]
[PlyCount "75"]
[EventDate "2021.09.24"]
[EventType "tourn"]
[EventRounds "2"]
[EventCountry "POL"]
[SourceDate "2021.09.24"]

1. e4 c5 2. Nf3 e6 3. d4 cxd4 4. Nxd4 Nc6 5. Nc3 Qc7 6. Be2 a6 7. O-O Nf6 8.
Be3 Bb4 9. Nxc6 bxc6 10. Na4 Be7 11. Nb6 Rb8 12. Nxc8 Qxc8 13. Bd4 c5 14. Be5
Rb6 15. Qd3 d6 16. Bc3 O-O 17. b3 d5 18. exd5 exd5 19. Rad1 d4 20. Ba5 Re6 21.
Bf3 Bd8 22. Bd2 Rfe8 23. Rfe1 Rxe1+ 24. Rxe1 Rxe1+ 25. Bxe1 Qe6 26. Qe2 Qxe2
27. Bxe2 a5 28. Bf3 Kf8 29. Bd2 Ke7 30. Kf1 Ke6 31. Ke2 Nd5 32. Bxd5+ Kxd5 33.
Kd3 Bc7 34. h3 g6 35. c3 dxc3 36. Bxc3 Bb6 37. Bd2 Bc7 38. Bc3 $11 1/2-1/2

[Event "252nd YMCA Autumn A2"]
[Site "Warsaw"]
[Date "2021.11.19"]
[Round "9"]
[White "Lewandrowski, Tomasz"]
[Black "Kuc, Mariusz"]
[Result "1-0"]
[WhiteElo "1814"]
[BlackElo "1910"]
[PlyCount "87"]
[EventDate "2021.09.24"]
[EventType "tourn"]
[EventRounds "2"]
[EventCountry "POL"]
[SourceDate "2021.09.24"]

1. d4 f5 2. Bg5 Nf6 3. Bxf6 exf6 4. e3 d5 5. Nf3 b6 6. Bd3 g6 7. c4 c6 8. cxd5
Qxd5 9. Nc3 Bb4 10. O-O Bxc3 11. bxc3 Be6 12. Re1 O-O 13. e4 fxe4 14. Bxe4 Qd7
15. Qa4 Qf7 16. Qa3 Rd8 17. Bc2 Kh8 18. Bb3 Bxb3 19. axb3 Nd7 20. h3 c5 21. Re3
Re8 22. Rxe8+ Qxe8 $11 23. d5 Ne5 24. Nxe5 Qxe5 25. c4 a5 26. Rd1 Rd8 27. Qc1
Kg7 28. Re1 Qc7 29. Re6 Rd7 30. Qe3 Qd8 31. h4 Rf7 32. g4 Qb8 33. d6 Qd8 34. g5
Qd7 35. gxf6+ Kg8 36. Qe4 Rf8 37. Qd5 Kh8 38. Qe5 Kg8 39. f3 a4 40. Re7 Qf5 41.
Qxf5 gxf5 42. bxa4 Rxf6 43. d7 Rd6 44. Re8+ 1-0

[Event "252nd YMCA Autumn A2"]
[Site "Warsaw"]
[Date "2021.11.02"]
[Round "10"]
[White "Matyszkiewicz, Wiktor"]
[Black "Lewandrowski, Tomasz"]
[Result "1/2-1/2"]
[WhiteElo "1756"]
[BlackElo "1814"]
[PlyCount "107"]
[EventDate "2021.09.24"]
[EventType "tourn"]
[EventRounds "2"]
[EventCountry "POL"]
[SourceDate "2021.09.24"]

1. e4 c5 2. Nf3 Nc6 3. d4 cxd4 4. Nxd4 e5 5. Nb5 d6 6. N1c3 a6 7. Na3 b5 8. Nd5
Be6 9. c3 Nf6 10. Bg5 Bxd5 11. Bxf6 gxf6 12. Qxd5 Rc8 13. Nc2 Qb6 14. Be2 Ne7
15. Qb3 Bh6 16. a4 O-O 17. O-O Rb8 18. axb5 axb5 19. Nb4 Ra8 20. Nd5 Nxd5 21.
Qxd5 Rxa1 22. Rxa1 Rb8 23. Rd1 Bf8 24. Bg4 Qc5 25. Qd3 Qc4 26. Qh3 Kh8 27. Bf5
h6 28. Qh5 Rb6 29. Rd5 Qc7 30. Rd3 Rb8 31. Qg4 Bg7 32. Qd1 Bf8 33. h4 Qd8 34.
Qh5 Qe7 35. Qg4 Bg7 36. Qd1 Bf8 37. Qb3 Qa7 38. g4 Kg7 39. Qd1 Be7 40. g5 fxg5
41. hxg5 Rh8 42. gxh6+ Rxh6 43. Qg4+ Kf8 44. Rh3 Rxh3 45. Qxh3 Bf6 46. b4 Ke7
47. Kg2 Qc7 48. Bg4 Bg5 49. Be2 Qc6 50. Qd3 f5 51. Qxb5 Qxb5 52. Bxb5 fxe4 53.
Bc6 Bd2 54. Bxe4 1/2-1/2

[Event "252nd YMCA Autumn A2"]
[Site "Warsaw"]
[Date "2021.11.26"]
[Round "10"]
[White "Kuc, Mariusz"]
[Black "Adamski, Adam"]
[Result "1/2-1/2"]
[WhiteElo "1910"]
[BlackElo "1704"]
[PlyCount "82"]
[EventDate "2021.09.24"]
[EventType "tourn"]
[EventRounds "2"]
[EventCountry "POL"]
[SourceDate "2021.09.24"]

1. e4 c5 2. Nc3 e6 3. Bc4 a6 4. a4 Nc6 5. f4 Nge7 6. d3 d5 7. Bb3 dxe4 8. Nxe4
Nd4 9. Bc4 Nec6 10. Nf3 Be7 11. O-O O-O 12. Kh1 b6 13. Bd2 Bb7 14. c3 Nf5 15.
Qe2 Na5 16. Ba2 Rc8 17. Rad1 Qd7 18. Neg5 Bxf3 19. Rxf3 c4 20. dxc4 Qxa4 21.
Bb1 Qxc4 22. Bd3 Qd5 23. Rh3 h6 24. b4 Nc4 25. Bc1 Bf6 26. Ne4 Be7 27. Ng3
Nxg3+ 28. Rxg3 Kh8 29. Bc2 Qc6 30. Be4 Qb5 31. f5 Rcd8 32. Rf1 Ne5 33. Qxb5
axb5 34. Be3 Nc4 35. Bf4 exf5 36. Bxf5 Bd6 37. Bxd6 Rxd6 38. Kg1 $11 g6 39.
Bxg6 Ne5 $11 40. Bb1 Nc4 41. Rd3 Rfd8 $11 1/2-1/2

[Event "252nd YMCA Autumn A2"]
[Site "Warsaw"]
[Date "2021.11.16"]
[Round "10"]
[White "Niedbal, Piotr"]
[Black "Kalejta, Arkadiusz"]
[Result "1/2-1/2"]
[WhiteElo "1837"]
[BlackElo "1784"]
[PlyCount "23"]
[EventDate "2021.09.24"]
[EventType "tourn"]
[EventRounds "2"]
[EventCountry "POL"]
[SourceDate "2021.09.24"]

1. e4 e5 2. Nf3 Nc6 3. Bb5 a6 4. Ba4 Nf6 5. d3 d6 6. c3 g6 7. O-O Bg7 8. Re1 b5
9. Bb3 Na5 10. Bc2 c5 11. a4 b4 12. Nbd2 $11 1/2-1/2

[Event "252nd YMCA Autumn A2 pff"]
[Site "Warsaw"]
[Date "2021.12.10"]
[Round "11"]
[White "Lewandrowski, Tomasz"]
[Black "Kalejta, Arkadiusz"]
[Result "1/2-1/2"]
[WhiteElo "1814"]
[BlackElo "1784"]
[PlyCount "99"]
[EventDate "2021.12.02"]
[EventType "tourn"]
[EventRounds "1"]
[EventCountry "POL"]
[SourceDate "2021.12.02"]

1. d4 d5 2. Bf4 Nf6 3. e3 c5 4. c3 Nc6 5. Nd2 cxd4 6. exd4 Bf5 7. Ngf3 e6 8.
Bb5 a6 9. Bxc6+ bxc6 10. Qa4 Qb6 11. O-O Be7 12. Ne5 Rc8 13. b4 O-O 14. Rfc1
Rfe8 15. Bg5 Bd6 16. Bxf6 gxf6 17. Nd7 Bxh2+ 18. Kxh2 Qc7+ 19. g3 Qxd7 20. Qxa6
e5 21. Re1 Ra8 22. Qf1 Ra3 23. Nb3 Bc2 24. Qe2 Bxb3 25. axb3 Rxa1 26. Rxa1 exd4
27. Qf3 dxc3 28. Qxc3 Re5 29. Qf3 Kg7 30. Kg2 d4 31. Rd1 Rb5 32. Rc1 Rd5 33.
Rd1 d3 34. Rd2 Rd4 35. Qe3 Qd5+ 36. f3 Qd6 37. Kf2 Qd7 38. Kg2 Qd6 39. Kf2 Qd5
40. Kg2 Qd7 41. Kh2 h5 42. Kg2 h4 43. gxh4 Rxh4 44. Kf1 Rh1+ 45. Kf2 Qh3 46.
Qf4 Rh2+ 47. Ke3 Qe6+ 48. Qe4 Rxd2 49. Kxd2 Qxb3 50. Qg4+ 1/2-1/2

[Event "252nd YMCA Autumn A2 pff"]
[Site "Warsaw"]
[Date "2021.12.03"]
[Round "12"]
[White "Niedbal, Piotr"]
[Black "Lewandrowski, Tomasz"]
[Result "0-1"]
[WhiteElo "1837"]
[BlackElo "1814"]
[PlyCount "126"]
[EventDate "2021.12.02"]
[EventType "tourn"]
[EventRounds "1"]
[EventCountry "POL"]
[SourceDate "2021.12.02"]

1. e4 e6 2. d4 d5 3. Nd2 dxe4 4. Nxe4 Bd7 5. Bd3 Bc6 6. Nf3 Nd7 7. O-O Ngf6 8.
Ng3 Be7 9. Re1 O-O 10. c3 Bd5 11. c4 Bxf3 12. Qxf3 c6 13. Bd2 Qb6 14. Bc3 Bb4
15. Ne4 Bxc3 16. bxc3 Nxe4 17. Rxe4 Qa5 18. Rh4 f5 19. Bc2 Rf6 20. Bb3 Raf8 21.
Re1 Rg6 22. c5 Rff6 23. Rh5 Kh8 24. Rh3 Qc7 25. Rg3 Nf8 26. Rxg6 Rxg6 27. Re5
Qf7 28. h3 Qf6 29. Qf4 h6 30. Re3 Qg5 31. Qxg5 hxg5 32. Kf1 Kh7 33. g4 Rh6 34.
gxf5 exf5 35. Re8 Rf6 36. Rb8 Ng6 37. Rxb7 Nf4 38. Rxa7 Rh6 39. Bc2 Kg6 40. Rc7
Rxh3 41. Rxc6+ Kh5 42. Ke1 Rxc3 43. Bxf5 g6 44. Be4 Ra3 45. d5 Rxa2 46. d6 Re2+
47. Kd1 Rxe4 48. Rc7 Ne6 49. Rc8 Rc4 50. Ke2 Rxc5 51. d7 Rd5 52. Re8 Nd4+ 53.
Kf1 Rxd7 54. Kg2 g4 55. Re5+ Nf5 56. Ra5 Rd2 57. Kg1 Kh4 58. Ra6 Kh3 59. Kf1
Rd6 60. Ra8 g3 61. fxg3 Nxg3+ 62. Kf2 Rf6+ 63. Kg1 Rf1# 0-1

[Event "252nd YMCA Autumn A2 pff"]
[Site "Warsaw"]
[Date "2021.12.10"]
[Round "12"]
[White "Adamski, Adam"]
[Black "Matyszkiewicz, Wiktor"]
[Result "0-1"]
[WhiteElo "1704"]
[BlackElo "1756"]
[PlyCount "152"]
[EventDate "2021.12.02"]
[EventType "tourn"]
[EventRounds "1"]
[EventCountry "POL"]
[SourceDate "2021.12.02"]

1. e4 c5 2. Nf3 d6 3. d4 cxd4 4. Nxd4 Nf6 5. Nc3 a6 6. Bc4 e6 7. Bb3 Be7 8. O-O
O-O 9. f4 Qc7 10. Be3 b5 11. a3 Bb7 12. Qf3 Nbd7 13. Rae1 Nc5 14. Bd2 Nxb3 15.
Nxb3 d5 16. exd5 Nxd5 17. Qe2 Bf6 18. Nxd5 Bxd5 19. Bc1 Bc4 20. Qe4 Bxf1 21.
Rxf1 Rac8 22. c3 Qc4 23. Qc2 g6 24. Be3 Rfd8 25. Nc1 Bd4 26. Qe4 Bxe3+ 27. Qxe3
Qc5 28. Qxc5 Rxc5 29. Nb3 Rc4 30. g3 Rd5 31. Re1 Kf8 32. Kf2 Ke7 33. Re2 Rc8
34. Na5 Kf6 35. Nb3 Rcd8 36. Nd4 R8d6 37. Rc2 h5 38. Re2 Rd8 39. Kf3 R8d6 40.
Kf2 a5 41. Rc2 b4 42. axb4 axb4 43. Ke2 bxc3 44. bxc3 Ra6 45. Kd3 Rda5 46. c4
Ra2 47. c5 Rxc2 48. Nxc2 Ke7 49. Nb4 Ra1 50. Nc6+ Ke8 51. Ne5 Rc1 52. c6 f6 53.
Nxg6 Rxc6 54. Nh4 Ra6 55. Nf3 Ra3+ 56. Ke2 Ke7 57. h3 Kd6 58. g4 hxg4 59. hxg4
Kd5 60. g5 Ke4 61. Nd2+ Kxf4 62. gxf6 Ra7 63. Kd3 Rd7+ 64. Kc3 Rf7 65. Kd4 Rxf6
66. Nc4 Rf8 67. Kd3 Rd8+ 68. Ke2 Ra8 69. Nd6 e5 70. Kf2 Ra2+ 71. Ke1 e4 72. Nc4
e3 73. Kd1 Ke4 74. Nd6+ Kd3 75. Kc1 Rc2+ 76. Kb1 e2 0-1

[Event "252nd YMCA Autumn A2 pff"]
[Site "Warsaw"]
[Date "2021.12.02"]
[Round "13"]
[White "Niedbal, Piotr"]
[Black "Kalejta, Arkadiusz"]
[Result "1-0"]
[WhiteElo "1837"]
[BlackElo "1784"]
[PlyCount "81"]
[EventDate "2021.12.02"]
[EventType "tourn"]
[EventRounds "1"]
[EventCountry "POL"]
[SourceDate "2021.12.02"]

1. e4 e5 2. Nf3 Nc6 3. Bb5 a6 4. Ba4 Nf6 5. Qe2 b5 6. Bb3 Bc5 7. a4 Rb8 8. Nc3
O-O 9. axb5 axb5 10. O-O b4 11. Nd5 d6 12. d4 Nxd5 13. dxc5 Nf4 14. Bxf4 exf4
15. Rfd1 Qf6 16. cxd6 cxd6 17. Bd5 Ne5 18. Nxe5 dxe5 19. Ra7 Qg6 20. Rxf7 Be6
21. Rxf8+ Kxf8 22. Bxe6 Qxe6 23. h3 Qe7 24. Qc4 Qb7 25. Qc5+ Qe7 26. Rd5 Qxc5
27. Rxc5 Ke7 28. Rxe5+ Kf6 29. Rf5+ Ke6 30. Rxf4 Rc8 31. e5 Rxc2 32. Rxb4 Kxe5
33. Rb7 g5 34. b4 Rb2 35. b5 h5 36. b6 Kd6 37. Rg7 g4 38. hxg4 hxg4 39. Rxg4
Kc6 40. Rg6+ Kb7 41. f3 1-0